[Event "Fraenkische GM 1st"]
[Site "Pulvermuehle"]
[Date "2000.01.13"]
[Round "2"]
[White "Hamdouchi, Hicham"]
[Black "Ibragimov, Ildar"]
[Result "1-0"]
[WhiteElo "2520"]
[BlackElo "2554"]
[Annotator "Hecht,H"]
[PlyCount "157"]
[EventDate "2000.01.12"]
[EventType "tourn"]
[EventRounds "9"]
[EventCountry "GER"]
[EventCategory "10"]
[SourceTitle "CBM 075"]
[Source "ChessBase"]
[SourceDate "2000.04.05"]
[SourceVersion "1"]
[SourceVersionDate "2000.04.05"]
[SourceQuality "1"]

1. e4 e5 2. Nf3 Nc6 3. d4 exd4 4. Nxd4 Bc5 5. Nxc6 Qf6 6. Qd2 dxc6 7. Nc3 Ne7
8. Na4 Bd6 9. f4 O-O 10. Qf2 Nd5 11. exd5 Re8+ 12. Be2 Bg4 13. Nc3 Bb4 14. Bd2
Bxe2 15. Nxe2 Qxb2 16. Rd1 Bxd2+ 17. Kxd2 Rad8 18. Nc3 Qb4 19. Qf3 cxd5 20. Kc1
d4 21. Nb1 Re6 22. Rd3 Rde8 23. Rhd1 c5 24. Rb3 Qa5 25. Qxb7 Re1 26. Rxe1 Qxe1+
27. Kb2 c4 28. Ra3 a5 29. Qb5 c3+ 30. Nxc3 dxc3+ 31. Rxc3 h6 32. a4 Rd8 33. g3
g6 34. Rc7 Rd1 35. Qe5 Qb4+ 36. Ka2 Qxa4+ 37. Kb2 Qb4+ 38. Ka2 Qa4+ 39. Kb2
Qa1+ 40. Kb3 Rb1+ 41. Kc4 Rb4+ 42. Kd3 Qd1+ 43. Ke3 Rb8 44. Rd7 Qxd7 45. Qxb8+
Kh7 46. c4 a4 47. Qa8 Qe7+ 48. Kd4 a3 49. c5 Qf6+ 50. Kd3 Qf5+ 51. Kd4 Qf6+ 52.
Kd3 Qb2 53. c6 a2 54. c7 a1=Q 55. Qxa1 Qxa1 56. c8=Q Qd1+ 57. Ke3 Qg1+ 58. Kf3
Qh1+ 59. Kf2 Qxh2+ 60. Kf3 Qg1 61. Qc7 Qh1+ 62. Kf2 Qd5 63. Qe7 Kg7 64. Qa7 h5
65. Qc7 Qf5 66. Kg2 Qg4 67. Qc3+ Kg8 68. Qd3 h4 69. Qd8+ Kg7 70. Qxh4 Qxh4 71.
gxh4 {[#] Die Stellung ist beliebig remis; fast .....!} Kf6 72. Kg3 Kf5 73. Kf3
f6 74. Kg3 Ke4 $4 {[%mdl 12288]} (74... g5 $11) (74... Ke6 $11) 75. Kg4 $22 f5+
(75... Kd5 76. f5 $18) 76. Kg5 Ke3 77. Kxg6 Kxf4 78. h5 Kg3 79. Kxf5 1-0

[Event "American Continental 2nd"]
[Site "Buenos Aires"]
[Date "2003.08.28"]
[Round "10"]
[White "Mieles Palau, Daniel"]
[Black "Burgos, Carlos"]
[Result "1-0"]
[WhiteElo "2468"]
[BlackElo "2335"]
[Annotator "Hecht,H"]
[PlyCount "97"]
[EventDate "2003.08.17"]
[EventType "swiss"]
[EventRounds "11"]
[EventCountry "ARG"]
[SourceTitle "CBM 097"]
[Source "ChessBase"]
[SourceDate "2003.11.11"]
[SourceVersion "1"]
[SourceVersionDate "2003.11.11"]
[SourceQuality "1"]

1. e4 Nc6 2. d4 e5 3. Nf3 exd4 4. Nxd4 Nf6 5. Nxc6 bxc6 6. e5 Qe7 7. Qe2 Nd5 8.
c4 Ba6 9. b3 Qh4 10. a3 Nf4 11. Qe4 Ng6 12. Qxh4 Nxh4 13. Nd2 c5 14. Bb2 Bb7
15. f3 Be7 16. Kf2 Bg5 17. Rd1 Nf5 18. Bd3 Be3+ 19. Ke2 Bd4 20. Rb1 Bxb2 21.
Rxb2 Nd4+ 22. Kf2 O-O 23. b4 cxb4 24. axb4 f6 25. exf6 Rxf6 26. Be4 Bxe4 27.
Nxe4 Rc6 28. c5 Nb5 29. Rd1 d6 30. Rd5 h6 31. Ra2 a6 32. Ra5 Rb8 33. f4 Kf7 34.
f5 Re8 35. Kf3 Re7 36. g4 g6 37. h4 gxf5 38. gxf5 Re5 39. Rxe5 dxe5 {
Claustrophobia (Rc6). Klaustrophobie (Tc6)} 40. Kg4 Nd4 41. Ra2 Kg7 42. Rf2 a5
43. bxa5 Ra6 44. f6+ Kf7 45. Kh5 Rxa5 46. Kxh6 Ne6 47. Kh5 $2 (47. Ng5+ Nxg5
48. hxg5 $18 {is straightforward. ist simpel}) 47... Nf4+ 48. Kg4 Ra3 $2 (48...
Ke6 $8 $132 {like Ra4 wie Ta4}) 49. Kf5 1-0

[Event "NED-ch57"]
[Site "Leeuwarden"]
[Date "2002.06.26"]
[Round "6"]
[White "Van der Wiel, John"]
[Black "Jonkman, Harmen"]
[Result "1-0"]
[WhiteElo "2509"]
[BlackElo "2520"]
[Annotator "Hecht,H"]
[PlyCount "81"]
[EventDate "2002.06.20"]
[EventType "tourn"]
[EventRounds "9"]
[EventCountry "NED"]
[EventCategory "13"]
[SourceTitle "CBM 090"]
[Source "ChessBase"]
[SourceDate "2002.09.20"]
[SourceVersion "1"]
[SourceVersionDate "2002.09.20"]
[SourceQuality "1"]

1. e4 e5 2. Nf3 Nc6 3. d4 exd4 4. Nxd4 Qf6 5. Nxc6 Bc5 6. Qd2 dxc6 7. Nc3 Ne7
8. Qf4 Qe6 9. Bd3 Ng6 10. Qg3 O-O 11. O-O Qe5 12. Kh1 Qxg3 13. hxg3 b5 14. f4
f6 15. a4 b4 16. Nd1 a5 17. Be3 Bd6 18. b3 Re8 19. Nb2 Nf8 20. Nc4 Ba6 21. Rfe1
Nd7 22. Rad1 Bc5 23. Nxa5 Bxd3 24. Rxd3 Rxa5 25. Rxd7 Rxe4 26. Rd3 Kf7 27. Kg1
Bxe3+ 28. Rexe3 Rxe3 29. Rxe3 Rc5 30. Re4 Rxc2 31. Rxb4 Ke6 32. Rc4 Rxc4 33.
bxc4 {[#] Thema: entfernter Freibauer, Tempospiel} c5 34. Kf2 Kd6 35. Kf3 {
Die Zeit, die Schwarz braucht um nach Nehmen der Bauern a4 und c4 auf c1 eine
Dame zu bekommen (11 Züge!), nutzt Weiß, um am Königsflügel zum Erfolg zu
kommen.} (35. Ke3 Kc6 36. Kd3 Kb6 37. Kc3 Ka5 38. Kb3 $11) 35... h5 $2 (35...
Kc6 $1 36. Ke4 Kb6 37. Kd5 Ka5 38. Kxc5 (38. Ke6 Kxa4 39. Kf7 Kb4 40. Kxg7 Kxc4
41. Kxf6 Kb3 42. Kg7 c4 43. f5 c3 44. f6 c2 45. f7 c1=Q 46. f8=Q c5 $11) 38...
Kxa4 39. g4 $11) 36. g4 h4 (36... hxg4+ 37. Kxg4 g6 38. f5 $18) 37. Ke4 g6 38.
a5 c6 39. a6 Kc7 40. g5 fxg5 41. fxg5 1-0

[Event "NED-ch51"]
[Site "Amsterdam"]
[Date "1996.06.19"]
[Round "11"]
[White "Van der Wiel, John"]
[Black "Van der Sterren, Paul"]
[Result "1/2-1/2"]
[WhiteElo "2535"]
[BlackElo "2535"]
[Annotator "Hecht,H"]
[PlyCount "98"]
[EventDate "1996.06.07"]
[EventType "tourn"]
[EventRounds "11"]
[EventCountry "NED"]
[EventCategory "11"]
[SourceTitle "CBM 054"]
[Source "ChessBase"]
[SourceDate "1996.10.01"]
[SourceVersion "1"]
[SourceVersionDate "1996.10.01"]
[SourceQuality "1"]

1. e4 e5 2. Nf3 Nc6 3. d4 exd4 4. Nxd4 Bc5 5. Nb3 Bb6 6. a4 a6 7. Nc3 d6 8. Nd5
Ba7 9. Be3 Bxe3 10. Nxe3 Nf6 11. Bd3 O-O 12. O-O Ne5 13. f4 Nfg4 14. Nxg4 Bxg4
15. Qd2 Nxd3 16. cxd3 c5 17. a5 Be6 18. Qc3 f5 19. e5 Rc8 20. Rfe1 b5 21. exd6
b4 22. Qc2 Qxd6 23. Nxc5 Rxc5 24. Rxe6 Rxc2 25. Rxd6 {[#] Starkes schwarzes
Gegenspiel mit TT auf der 2.Reihe für Minusbauer. Ab Zug 47 starker w
Freibauer als Kompensation für Minusbauer} Re8 $1 26. Kh1 Rxb2 27. Rxa6 Ra2 28.
Rb1 Ree2 29. h3 (29. Rg1 b3 30. Rb6 b2 $19 {[%cal Ra2a1]}) 29... Rxg2 30. Rxb4
h6 31. Ra4 Rh2+ 32. Kg1 Rag2+ 33. Kf1 Rf2+ 34. Kg1 Rfg2+ 35. Kf1 Rb2 36. Kg1
Rhg2+ 37. Kh1 Rh2+ 38. Kg1 Rhd2 39. Ra1 Rg2+ 40. Kh1 Rh2+ 41. Kg1 Rbg2+ 42. Kf1
Rd2 43. Kg1 Rxh3 44. Rd6 Rg3+ 45. Kh1 Rgxd3 46. Rxd3 Rxd3 47. a6 Rd8 48. a7 Ra8
49. Ra5 g6 (49... g6 50. Kg2 Kf7 51. Kf3 Ke7 52. Ra6 $10) 1/2-1/2

[Event "EU-ch 2nd"]
[Site "Ohrid"]
[Date "2001.06.04"]
[Round "4"]
[White "Kristjansson, Stefan"]
[Black "Bezgodov, Alexei"]
[Result "1-0"]
[WhiteElo "2371"]
[BlackElo "2543"]
[Annotator "Hecht,H"]
[PlyCount "101"]
[EventDate "2001.06.01"]
[EventType "swiss"]
[EventRounds "13"]
[EventCountry "YUG"]
[SourceTitle "CBM 084"]
[Source "ChessBase"]
[SourceDate "2001.09.13"]
[SourceVersion "1"]
[SourceVersionDate "2001.09.13"]
[SourceQuality "1"]

1. e4 e5 2. Nf3 Nc6 3. d4 exd4 4. Nxd4 Bc5 5. Nxc6 Qf6 6. Qd2 bxc6 7. Bd3 Ne7
8. O-O O-O 9. Nc3 Bd4 10. Rb1 Ng6 11. Ne2 Bb6 12. b3 Re8 13. Bb2 Ne5 14. Ng3 d6
15. Be2 Qh4 16. Kh1 Ng4 17. Bxg4 Qxg4 18. f3 Qg6 19. f4 f6 20. c4 a5 21. Bd4
Bxd4 22. Qxd4 Ba6 23. Rf3 c5 24. Qd3 Bb7 25. Re1 a4 26. Rfe3 axb3 27. axb3 Ra2
28. Qf1 h5 29. Qf3 h4 30. Nf5 h3 31. Qxh3 Bxe4 32. Nh4 Qh5 33. f5 Re5 34. Qg3
Bb7 35. h3 Rd2 36. Rxe5 dxe5 37. Rg1 Be4 38. Qe1 Rd4 39. Kh2 Qg5 40. Rf1 Bc6
41. Nf3 Bxf3 42. Rxf3 e4 43. Rf2 e3 44. Rf3 Rd3 45. Qf1 Rxb3 46. Qd1 Rb2 47.
Qd5+ Kh7 48. Rg3 Qh6 (48... Qf4 $142 49. Qf7 Rxg2+ 50. Kxg2 Qf2+ 51. Kh1 Qxg3
52. Qh5+ Kg8 53. Qe8+ $11) 49. Qe4 Rf2 $4 (49... e2 $1 50. Rg4 Kg8 51. Rh4 Qxh4
52. Qe8+ Kh7 53. Qg6+ $11) 50. Rg4 $1 Kg8 51. Rh4 {Aufgabe?!} (51. Rh4 Qxh4 $8
52. Qxh4 Rxf5 53. Qg4 Re5 54. Qe2 $16 {und Weiß steht noch vor erheblichen
technischen Problemen.}) 1-0

[Event "EU-chT (Men) 10th"]
[Site "Debrecen"]
[Date "1992.11.??"]
[Round "1.1"]
[White "Grosar, Aljosa"]
[Black "Hjartarson, Johann"]
[Result "0-1"]
[WhiteElo "2415"]
[BlackElo "2595"]
[Annotator "Hjartarson,J"]
[PlyCount "80"]
[EventDate "1992.11.20"]
[EventType "team-swiss"]
[EventRounds "9"]
[EventCountry "HUN"]
[SourceTitle "CBM 033"]
[Source "ChessBase"]
[SourceDate "1993.04.01"]
[SourceVersion "1"]
[SourceVersionDate "1993.04.01"]
[SourceQuality "1"]
[WhiteTeam "Slovenia"]
[BlackTeam "Iceland"]
[WhiteTeamCountry "SLO"]
[BlackTeamCountry "ISL"]

1. e4 e5 2. Nf3 Nc6 3. d4 exd4 4. Nxd4 Nf6 5. Nxc6 bxc6 6. e5 Qe7 7. Qe2 Nd5 8.
c4 Nb6 9. Nd2 Bb7 10. b3 a5 $5 11. Bb2 (11. a4 $5 Qe6 12. Bb2 Bb4 13. O-O-O
O-O-O $5 {/\Rhe8,d6} (13... O-O 14. Qh5 Qg6 15. Qxg6 fxg6 16. Ne4 c5 17. Bd3
$14 {Lau,R-Smagin, Kobenhavn 1992})) 11... a4 12. f4 $5 (12. Rb1 axb3 13. axb3
Qe6 14. g3 c5 15. f3 Be7 16. Bg2 O-O 17. Ne4 d5 18. exd6 cxd6 19. O-O f5 20.
Nc3 Qxe2 21. Nxe2 $10 {Schmittdiel,E-Hjartarson,J/BL Dortmund-FC Bayern/1992/})
(12. g3 $2 axb3 13. axb3 Rxa1+ 14. Bxa1 Qa3 $1 $15) 12... axb3 13. axb3 Rxa1+
14. Bxa1 Qa3 15. Qd1 (15. Bd4 $6 Bb4 16. Kf2 c5 17. Be3 O-O $15) 15... Bb4 16.
Bd3 Qa5 (16... Qa2 $2 17. Bc2 $1 Qa5 $8 18. Ke2 O-O 19. Nf3 $16 {/\Qd3}) 17.
Bd4 $2 (17. Ke2 $1 d6 18. Nf3 Bc3 19. Bxc3 Qxc3 $10) 17... O-O 18. Be3 d6 $1 (
18... d5 $2 19. O-O $1 Bc5 $8 (19... d4 $2 20. Ne4 $1 dxe3 21. Nf6+ Kh8 $8 22.
Nxh7 Rd8 23. Qh5 Kg8 24. Ng5 Rd7 25. Qh7+ Kf8 26. Qh8+ Ke7 27. Qxg7 $18) 20.
Qe2 $14) 19. O-O (19. exd6 Re8 20. Kf2 Bc5 $17) 19... dxe5 $17 20. Rf3 $2 (20.
f5 Bxd2 $1 (20... Bc5 21. Qe2 Nd7 22. Ne4 Bxe3+ 23. Qxe3 f6 24. c5 $146) 21.
Bxd2 Qc5+ 22. Kh1 Qd4 $17) 20... f5 $1 21. fxe5 Qxe5 22. Rh3 $6 (22. Nf1 Bc5
$17) 22... g6 23. Bh6 Ra8 24. Qe2 Nd7 $1 $19 25. Nf1 Qxe2 26. Bxe2 Ra2 27. Bf3
Bc5+ 28. Be3 Bxe3+ 29. Nxe3 Ne5 30. g4 f4 31. Nf1 Bc8 32. Be4 Bxg4 33. Rc3 Re2
34. Bd3 Nf3+ 35. Kh1 Rf2 36. Rc2 Rxc2 37. Bxc2 Bh3 38. Be4 Bxf1 39. Bxf3 c5 40.
Be4 Kg7 0-1

[Event "Copenhagen Aruna"]
[Site "Copenhagen"]
[Date "1997.05.02"]
[Round "1"]
[White "Hjartarson, Johann"]
[Black "Keitlinghaus, Ludger"]
[Result "1-0"]
[WhiteElo "2585"]
[BlackElo "2515"]
[Annotator "Hjartarson,J"]
[PlyCount "109"]
[EventDate "1997.04.02"]
[EventType "tourn"]
[EventRounds "9"]
[EventCountry "DEN"]
[EventCategory "10"]
[SourceTitle "CBM 059"]
[Source "ChessBase"]
[SourceDate "1997.08.01"]
[SourceVersion "1"]
[SourceVersionDate "1997.08.01"]
[SourceQuality "1"]

1. e4 e5 2. Nf3 Nc6 3. d4 exd4 4. Nxd4 Nge7 $5 {This is continuation is Ivan
Sokolov´s idea. The main drawback behind this move is, that it is somewhat
passive and allows White to take firm control over the center, especially the
important square d5.} 5. Nc3 Nxd4 6. Qxd4 Nc6 7. Qd2 $5 $146 {A novelty,
inspired over the board. The idea is to build up a fianchetto and castle
queenside, thus creating attacking chanches on the other side.} (7. Qe3 Bb4 8.
Bc4 (8. Bd2 O-O 9. O-O-O d6 10. Qg3 Be6 11. f4 f6 (11... f5 $5) 12. Nd5 Bxd2+
13. Rxd2 Ne7 14. Bc4 (14. Ne3 $14) 14... Nxd5 15. Bxd5 {1/2-1/2 Sax
Gyula-Keitlinghaus Ludger/It (open) 1997}) 8... O-O 9. O-O d6 10. Nd5 Bc5 11.
Qg3 Kh8 12. c3 Ne5 13. Be2 c6 14. b4 Bxf2+ 15. Rxf2 cxd5 16. exd5 a5 $1 $13 {
Oll,L-Tkachiev,V/Moscow PCA-Intel qual 1995/1-0 (54)}) (7. Qd3 Bc5 8. Qg3 O-O
9. Bg5 f6 10. Bh6 Qe7 11. O-O-O d6 12. Bc4+ Kh8 13. Nd5 Qd7 14. Be3 Bxe3+ 15.
Qxe3 $14 {0-1 Van Den Doel,E-Sokolov,Ivan/Nederland/ch-t/1995/96 (37)}) 7...
Bb4 $6 (7... Bc5 $5 8. b3 O-O 9. Bb2 Qf6 10. f4 $14) 8. a3 Ba5 9. b4 $1 Bb6 10.
Nd5 (10. Bb2 Qf6 $5 $13) 10... O-O 11. Bb2 Re8 12. O-O-O $1 d6 (12... Rxe4 $2
13. Bd3 Re8 (13... Re6 14. Bf5 Re8 15. Bf6 $1 $18) 14. Bf6 $1 gxf6 15. Qh6 $18)
13. f3 Be6 14. Kb1 $16 {White´s play in the opening has been very successful.
He controls more space than the opponent but the main advantage is, that Black
has no constructive plan in this position, because White has no weaknesses.
White on the other hand, is in no shortage of good ideas, like advancing on
the kingside. Black decides to exchange the powerful knight on d5, but this
does not solve his problems.} Bxd5 15. Qxd5 a5 16. b5 Ne7 17. Qd2 Ng6 18. h4
Ne5 19. h5 h6 20. Rh3 Kf8 21. g4 $6 d5 $1 {This is an excellent defensive idea
in a very difficult position. Black sacrifices a pawn to gain more space and
open lines for counterattack, in order to prevent White from slowly andvancing
on the kingside as he has been doing up to this point, seemingly regardless of
the existence of his opponent. White should have prevented this with 21.Qd5!}
22. exd5 {Avery difficult decision. White had to choose from 2 fundamentally
different lines in this position.} (22. Qxd5 Qe7 (22... Qxd5 23. Rxd5 f6 24.
Be2 $16) 23. Bd3 c6 24. Qxe5 Qxe5 25. Bxe5 Rxe5 $14 {In principle, the
opposite coloured bishops give Black good drawing chances in any endgame that
can arise after the pawn sacrifice. This is due to the good prospects he has
of blockading White´s pawns on the kingside.}) 22... f6 23. Qg2 Qd7 24. Be2 Be3
$1 {Now it has become clear, that White´s advance on the kingside has been
halted, at least for a while.} 25. a4 Kg8 26. Ba3 Rad8 27. Qf1 b6 28. Rh1 Kh8
29. Qe1 Nf7 30. Qc3 Bc5 $6 (30... Bf4 $1 $11) 31. Bxc5 Rxe2 32. Ba3 $14 Rde8
33. Rhf1 Nd6 34. Rd3 Rg2 $2 (34... R8e5 $14) 35. Re1 Rxe1+ 36. Qxe1 Nc4 37. Qe6
$1 $16 Qxe6 38. dxe6 Re2 (38... Nxa3+ 39. Rxa3 Re2 40. Rc3 Rxe6 41. Rxc7 Re3
42. Rc6 Rxf3 43. Rxb6 Rf4 44. Rc6 Rxa4 45. c4 $18) 39. Rd8+ Kh7 40. Bf8 Rxe6
41. Rd7 Kg8 42. Rxc7 Ne5 43. Rc8 $2 {A nervous decision that lets the
advantage slip away, yet it was played after a very long thinking.} (43. Bxg7
$1 Nf7 44. g5 $1 {I totally overlooked this. I could not quite figure out the
consequences of either} (44. Rxf7 Kxf7 45. Bxh6 Re1+ 46. Kb2 Rf1 47. Be3 Rxf3
48. Bxb6 Rf4 49. Bxa5 Rxa4 50. Bd2 Ke6 {and even though White is much better,
it is not clear if he can win, or}) (44. Bxh6 Nxh6 45. Rc6 Kf7 46. Rxe6 Kxe6
47. c4 {, also unclear.}) 44... hxg5 (44... fxg5 45. Bd4 $18) (44... Kxg7 45.
g6 $18) 45. h6 $18 {This is still a rather familiar psychological situation.
If one becomes engulfed in a very deep analysis of a certain line in a
particular position, it can easily happen that this has the result that one
overlooks a rather obvious idea in another line, even in the initial position
of the analysis.}) 43... Nxf3 44. Ba3+ Kh7 45. Rc6 Re4 46. Rxb6 Rxa4 47. Bb2
Rxg4 48. Bc3 Ne5 $2 {The N has been doing a very good job of creating
disharmony in the opponents camp and should have been kept on the board.} (
48... Rg5 $1 49. Rb7 $13) 49. Bxe5 fxe5 50. c3 Rg5 51. Re6 $1 $16 {It is
typical for rook endgames where one or both sides have connected passed pawns,
that the number of pawns on each side is of little signficance. It is the fact,
how far advanced they are and the prospects of blockading them that is of much
more importance. In this case it it White who has clearly the upper hand,
despite the material deficit, because it is clear that Black´s King can not be
put to any use and his pawns are not causing any danger.} Rxh5 (51... e4 52. c4
Rxh5 53. b6 {see game}) 52. b6 e4 53. c4 Rc5 $6 (53... Rh3 54. Ka2 a4 55. c5
Rb3 56. Rxe4 Rb5 57. Rc4 $18) (53... Rh1+ 54. Kb2 Rh2+ 55. Ka3 Rh1 56. c5 $16)
54. b7 $18 Rxc4 55. Rb6 1-0

[Event "Bugojno"]
[Site "Bugojno"]
[Date "1984.06.06"]
[Round "10"]
[White "Timman, Jan H"]
[Black "Smyslov, Vassily V"]
[Result "1-0"]
[WhiteElo "2610"]
[BlackElo "2600"]
[Annotator "Huebner,R"]
[PlyCount "77"]
[EventDate "1984.05.25"]
[EventType "tourn"]
[EventRounds "13"]
[EventCountry "YUG"]
[EventCategory "14"]
[SourceTitle "CBM 027"]
[Source "ChessBase"]
[SourceDate "1992.04.01"]
[SourceVersion "1"]
[SourceVersionDate "1992.04.01"]
[SourceQuality "1"]

1. e4 e5 2. Nf3 Nc6 3. d4 exd4 4. Nxd4 Bc5 5. Nf5 {Dieses Abspiel wird in der
Partie lehrreich beleuchtet.} g6 (5... d5 6. Nxg7+ Kf8 7. Nh5 Qh4 8. Ng3 Nf6 9.
Be2 Nxe4 10. O-O Be6 11. Nxe4 dxe4 12. Be3 Bd6 13. g3 Rg8 14. Nc3 {^D} Bxg3 {
Hübner Dieser Zug wird von Timman nicht erwähnt.} 15. fxg3 (15. Bh6+ Ke8 {
Dies verspricht Weiß auch nicht mehr als Remis}) (15. Bc5+ $2 Bd6+) 15... Rxg3+
$10 16. Kh1 $2 Rxe3) 6. Ne3 Nf6 7. Nc3 O-O 8. Bd3 Re8 9. O-O Ne5 10. Kh1 d6 11.
Be2 Nc6 12. f3 Nd4 13. Bc4 a5 14. Ng4 {^D} Be6 (14... Nxg4 15. fxg4 Ne6 (15...
Be6 16. Nd5 Bxd5 (16... Kh8 17. b3 $18) 17. Bxd5 {Der Angriff auf b7 und f7
gewinnt bei ausgezeichneter Stellung einen Bauern. Timman}) 16. Bh6 $1 {
/\ 17.Qf3, 17.Nd5 Timman} (16. Nd5 Bd4 $1 17. Nxc7 Qxc7 18. Bxe6 fxe6 19. Qxd4
e5 {Schwarz kann sich noch wehren.}) (16. Qf3 $1 {M.Trauth} Rf8 (16... Qd7 17.
Nd5 Bd4 18. c3 {/\ 19.Bh6 +-}) 17. Bh6 Ng7 18. Bxf7+ Kh8 19. Qh3 {/\ 20.Bg6 +-}
) 16... c6 {Hübner} 17. Qf3 Qe7 18. e5 d5 19. Bxd5 Bd4 {Die schwarze Stellung
ist nicht rosig, aber auch nicht hoffnungslos, während das Damenopfer wohl
letzten Endes inkorrekt war. Hübner}) 15. Bg5 Nxg4 16. Bxd8 Ne3 17. Qc1 Bxc4
18. Qxe3 Nxc2 19. Qd2 Nxa1 20. Bf6 Re6 21. Rxa1 Rxf6 22. b3 Be6 23. Na4 Ba3 24.
Qc3 Rf4 25. g3 Bb4 26. Qd3 Rf6 27. a3 b5 28. axb4 axb4 29. Kg2 bxa4 30. Qd4
Bxb3 31. Qxf6 a3 32. Qd4 c5 33. Qxd6 Rc8 34. Qd2 Be6 35. f4 h6 36. g4 Bxg4 37.
f5 Re8 38. Qxh6 gxf5 39. h3 1-0